Introduction to linear algebra
Guardat en:
| Autor principal: | |
|---|---|
| Format: | Llibre |
| Idioma: | Undetermined |
| Publicat: |
Princeton, N.J., Van Nostrand
1963
|
| Matèries: | |
| Etiquetes: |
Afegir etiqueta
Sense etiquetes, Sigues el primer a etiquetar aquest registre!
|
MARC
| LEADER | 00000nam a2200000Ia 4500 | ||
|---|---|---|---|
| 003 | 002012 | ||
| 005 | 20221231143952.0 | ||
| 008 | 140114s9999 xx 000 0 und d | ||
| 040 | |c cru CEDI | ||
| 082 | |a 512.897 S849i | ||
| 100 | |a Stewart, Frank Moore, 1917- |9 21131 | ||
| 245 | |a Introduction to linear algebra | ||
| 260 | |a Princeton, N.J., Van Nostrand |c 1963 | ||
| 300 | |a 281 páginas; ilustraciones. 24 cm. | ||
| 650 | |x ALGEBRA LINEAL |9 21132 | ||
| 942 | |2 ddc |c BK | ||
| 999 | |c 14964 |d 14964 | ||
